Every Song by Siouxsie and the Banshees - Statistics

General Stats
  • This quiz has been taken 53 times
  • The average score is 30 of 154
Answer Stats
Album Song % Correct
Juju(1981) Spellbound
77%
Tinderbox(1986) Cities in Dust
74%
Kaleidoscope(1980) Happy House
71%
Kaleidoscope(1980) Christine
68%
Once Upon a Time/The Singles(1981) Hong Kong Garden
68%
Juju(1981) Arabian Knights
65%
Once Upon a Time/The Singles(1981) Israel
61%
Hyæna(1984) Dazzle
58%
Superstition(1991) Kiss Them for Me
55%
Juju(1981) Night Shift
52%
Peepshow(1988) Peek-a-Boo
52%
Juju(1981) Into the Light
48%
Kaleidoscope(1980) Red Light
48%
A Kiss in the Dreamhouse(1982) Melt!
45%
Juju(1981) Monitor
45%
A Kiss in the Dreamhouse(1982) Painted Bird
45%
Hyæna(1984) Swimming Horses
42%
Tinderbox(1986) Candyman
39%
Juju(1981) Halloween
39%
The Scream(1978) Nicotine Stain
39%
The Scream(1978) Overground
39%
A Kiss in the Dreamhouse(1982) Slowdive
39%
The Scream(1978) Metal Postcard (Mittageisen)
35%
Juju(1981) Sin in My Heart
35%
The Scream(1978) Switch
35%
The Rapture(1995) The Rapture
35%
Juju(1981) Voodoo Dolly
35%
Hyæna(1984) Bring Me the Head of the Preacher Man
32%
Juju(1981) Head Cut
32%
The Scream(1978) Jigsaw Feeling
32%
The Scream(1978) Mirage
32%
Join Hands(1979) Playground Twist
32%
Join Hands(1979) Poppy Day
32%
Peepshow(1988) The Killing Jar
32%
The Scream(1978) Carcass
29%
A Kiss in the Dreamhouse(1982) Cascade
29%
Join Hands(1979) Icon
29%
Kaleidoscope(1980) Lunar Camel
29%
The Scream(1978) Pure
29%
Tinderbox(Bonus)(2009) Song from the Edge of the World
29%
Kaleidoscope(1980) Tenant
29%
Peepshow(1988) The Last Beat of My Heart
29%
Join Hands(1979) The Lord's Prayer
29%
Kaleidoscope(1980) Trophy
29%
Tinderbox(1986) Cannons
26%
Juju(Bonus)(2006) Fireworks
26%
The Rapture(1995) O Baby
26%
Peepshow(1988) Rhapsody
26%
Peepshow(1988) Scarecrow
26%
Once Upon a Time/The Singles(1981) The Staircase (Mystery)
26%
Tinderbox(1986) 92°
23%
Kaleidoscope(1980) Desert Kisses
23%
Superstition(Bonus)(2014) Face to Face
23%
Superstition(1991) Little Sister
23%
Join Hands(1979) Mother/Oh Mein Papa
23%
Peepshow(1988) Ornaments of Gold
23%
Join Hands(1979) Placebo Effect
23%
Tinderbox(1986) This Unrest
23%
Hyæna(1984) Belladonna
19%
Kaleidoscope(1980) Clockface
19%
Downside Up(2004) Eve White/Eve Black
19%
The Rapture(1995) Forever
19%
Tinderbox(1986) Lands End
19%
Once Upon a Time/The Singles(1981) Love in a Void
19%
Nocturne(1983) Pulled to Bits
19%
Hyæna(1984) Running Town
19%
A Kiss in the Dreamhouse(1982) She's a Carnival
19%
Tinderbox(Bonus)(2009) Starcrossed Lovers
19%
The Scream(1978) Suburban Relapse
19%
Tinderbox(1986) The Sweetest Chill
19%
Peepshow(1988) Turn to Stone
19%
Hyæna(1984) Blow the House Down
16%
A Kiss in the Dreamhouse(1982) Circle
16%
Superstition(1991) Cry
16%
Superstition(1991) Fear (of the Unknown)
16%
A Kiss in the Dreamhouse(1982) Green Fingers
16%
Kaleidoscope(1980) Hybrid
16%
A Kiss in the Dreamhouse(1982) Obsession
16%
Tinderbox(1986) Party's Fall
16%
Hyæna(1984) Pointing Bone
16%
The Thorn(1984) Red Over White
16%
The Rapture(1995) Stargazer
16%
Peepshow(1988) Carousel
13%
The Best of Siouxsie and the Banshees(2002) Dizzy
13%
Kaleidoscope(1980) Paradise Place
13%
Kaleidoscope(1980) Skin
13%
Hyæna(1984) Take Me Back
13%
Hyæna(1984) We Hunger
13%
Downside Up(2004) Are You Still Dying, Darling?
10%
Peepshow(1988) Burn-Up
10%
The Thorn(1984) Voices (On the Air)
10%
Superstition(1991) Got to Get Up
10%
Peepshow(1988) Rawhead and Bloodybones
10%
Superstition(1991) Shadowtime
10%
Superstition(1991) Silver Waterfalls
10%
The Rapture(1995) Tearing Apart
10%
Superstition(1991) The Ghost in You
10%
A Kiss in the Dreamhouse(1982) Cocoon
6%
Superstition(1991) Drifter
6%
The Rapture(Bonus)(2014) FGM
6%
The Rapture(1995) Love Out Me
6%
Tinderbox(Bonus)(1986) Lullaby
6%
Join Hands(1979) Premature Burial
6%
Downside Up(2004) Shooting Sun
6%
The Rapture(1995) Sick Child
6%
Superstition(1991) Silly Thing
6%
Downside Up(2004) Spiral Twist
6%
Downside Up(2004) Tattoo
6%
The Rapture(1995) The Double Life
6%
Tinderbox(Bonus)(1986) An Execution
3%
Downside Up(2004) Black Sun
3%
Downside Up(2004) B Side Ourselves
3%
Downside Up(2004) Catwalk
3%
Downside Up(2004) Coal Mind
3%
Downside Up(2004) Drop Dead/Celebration
3%
The Rapture(1995) Fall from Grace
3%
The Rapture(1995) Falling Down
3%
Downside Up(2004) False Face
3%
Downside Up(2004) Follow the Sun
3%
Downside Up(2004) Hothead
3%
Downside Up(2004) I Could Be Again
3%
Join Hands(Bonus)(2006) Infantry
3%
Downside Up(2004) I Promise
3%
Downside Up(2004) Let Go
3%
The Scream(Bonus)(2006) Make Up to Break Up
3%
The Rapture(Bonus)(2014) New Skin
3%
Downside Up(2004) Obsession II
3%
Join Hands(1979) Regal Zone
3%
Downside Up(2004) Return
3%
Downside Up(2004) Sea of Light
3%
Downside Up(2004) Slap Dash Snap
3%
Downside Up(2004) Sleepwalking (On the High Wire)
3%
Superstition(1991) Softly
3%
Downside Up(2004) Something Wicked (This Way Comes)
3%
Downside Up(2004) Sunless
3%
The Rapture(1995) The Lonely One
3%
Tinderbox(Bonus)(1986) The Quarterdrawing of the Dog
3%
Downside Up(2004) (There's A) Planet in My Kitchen
3%
Downside Up(2004) The Whole Price of Blood
3%
Downside Up(2004) Throw Them to the Lions
3%
Tinderbox(Bonus)(1986) Umbrella
3%
Downside Up(2004) We Fall
3%
Downside Up(2004) A Sleeping Rain
0%
Downside Up(2004) Cannibal Roses
0%
Downside Up(2004) Congo Conga
0%
Downside Up(2004) El Día de los Muertos
0%
Downside Up(2004) Hang Me High
0%
Downside Up(2004) Mechanical Eyes
0%
The Rapture(1995) Not Forgotten
0%
Downside Up(2004) She's Cuckoo
0%
Kaleidoscope(Bonus)(2006) Sitting Room
0%
Downside Up(2004) Something Blue
0%
Downside Up(2004) Staring Back
0%
Downside Up(2004) The Humming Wires
0%
No matching quizzes found
Score Distribution
Percent of People with Each Score
Percentile by Number Answered
Your Score History
You have not taken this quiz